[Event "Mecklenburg VP LL2 Ost 0708"]
[Site "Mecklenburg VP"]
[Date "2007.10.21"]
[Round "1.8"]
[White "Lueppker, Helmut"]
[Black "Ulbricht , Wolfgang"]
[Result "1-0"]
[WhiteElo "1537"]
[BlackElo "1431"]
[PlyCount "55"]
[EventDate "2007.10.21"]
[EventType "team-tourn"]
[EventRounds "9"]
[EventCountry "GER"]
[SourceTitle "EXT 2016"]
[Source "ChessBase"]
[SourceDate "2015.10.08"]
[SourceVersion "1"]
[SourceVersionDate "2015.10.08"]
[SourceQuality "1"]
[WhiteTeam "Wolgast Motor"]
[BlackTeam "Saal Waterkant"]
[WhiteTeamCountry "GER"]
[BlackTeamCountry "GER"]

1. e4 g6 2. d4 Bg7 3. Nf3 d6 4. h3 Nf6 5. Nc3 0-0 6. Be3 c6 7. Bd3 Re8 8. 0-0 Nbd7 9. Bc4 Nb6 10. Bb3 e6 11. Rb1 a5 12. a3 Nbd7 13. Re1 e5 14. Bg5 h6 15. Be3 b6 16. Qd2 Kh7 17. d5 c5 18. Ba4 Ng8 19. Qd3 Rf8 20. Nb5 Ndf6 21. Bd2 Nh5 22. c4 f5 23. Bc2 fxe4 24. Rxe4 Bf5 25. Rbe1 Bxe4 26. Rxe4 Nf4 27. Rxf4 exf4 28. Qxg6+ 1-0